Derecho del mar y sostenibilidad ambiental en el Mediterráneo (Registro nro. 317474)

Detalles MARC
000 -ENCABEZADO
Número de control [NR] 01127nam a2200265 c 4500
005 - FECHA Y HORA DE LA ÚLTIMA TRANSACCIÓN
control field 20200929115248.0
008 - DE LONGITUD FIJA DE DATOS DE ELEMENTOS - INFORMACIÓN GENERAL
Elementos de longitud fija [NR] 200929s2014 sp |||gr|||| 00| 0 spa d
020 ## - NUMERO INTERNACIONAL NORMALIZADO PARA LIBROS [R]
Número Internacional Normalizado del libro [NR] 9788490531785
040 ## - FUENTE DE CATALOGACION [NR]
Agencia de catalogación original [NR] CO-BoUCM
Idioma de catalogación [NR] spa
Quien Cataloga Deissy Garcia
Quien Clasifica Deissy Garcia
041 0# - CODIGO DE IDIOMA [R]
Código de idioma para texto/pista de sonido o título separado [R] Español
245 00 - MENCION DE TITULO [NR]
Título [NR] Derecho del mar y sostenibilidad ambiental en el Mediterráneo
Mención de responsabilidad, etc. [NR] Dirección José Juste Ruiz, Valentín Bou Franch ; Coordinación José Manuel Sánchez Patrón ; Evangelos Raftopoulos ...[y otros 24]
260 ## - PUBLICACION, DISTRIBUCION, ETC. (PIE DE IMPRENTA) [R]
Nombre del editor, distribuidor, etc. [R] Tirant lo Blanch
Fecha de publicación, distribución, etc. [R] 2014
Lugar de publicación, distribución, etc. [R] Valencia,(España)
300 ## - DESCRIPCION FISICA [R]
Extensión [R] 575 páginas
490 ## - MENCION DE SERIE [R]
Mención de serie [R] Tirant. Monografías
Designación numérica/secuencial del volumen [NR] V. 902
504 ## - NOTA DE BIBLIOGRAFIA, ETC. [R]
Nota de bibliografía, etc. [NR] Incluye referencias bibliográficas
650 #7 - ASIENTO SECUNDARIO DE MATERIA - TERMINO TEMATICO [R]
9 (RLIN) 12784
Término temático o nombre geográfico como elemento de entrada [NR] Derecho internacional marítimo
650 #7 - ASIENTO SECUNDARIO DE MATERIA - TERMINO TEMATICO [R]
9 (RLIN) 8741
Término temático o nombre geográfico como elemento de entrada [NR] Aguas jurisdiccionales
650 #7 - ASIENTO SECUNDARIO DE MATERIA - TERMINO TEMATICO [R]
Término temático o nombre geográfico como elemento de entrada [NR] Derecho internacional público
9 (RLIN) 7498
700 ## - ASIENTO SECUNDARIO - NOMBRE PERSONAL [R]
9 (RLIN) 52134
Nombre personal [NR] Juste Ruiz, José
Término de relación [R] director
700 ## - ASIENTO SECUNDARIO - NOMBRE PERSONAL [R]
9 (RLIN) 49372
Nombre personal [NR] Bou Franch, Valentín
Término de relación [R] director
700 1# - ASIENTO SECUNDARIO - NOMBRE PERSONAL [R]
9 (RLIN) 101200
Nombre personal [NR] Sánchez Patrón, José Manuel
Término de relación [R] coordinador
700 1# - ASIENTO SECUNDARIO - NOMBRE PERSONAL [R]
9 (RLIN) 101201
Nombre personal [NR] Raftopoulos, Evangelos
942 ## - ELEMENTOS DE ENTRADA AGREGADOS (KOHA)
Tipo de ítem principal el descrito en 300a Libro
Sistema de clasificación DEWEY
Tema principal Derecho
Edición 1
Clasificación 341.448
Parte restante de la signatura top. D431
Existencias
Signatura topográfica Código de barras Última vez visto Ejemplar Costo de reposición Price effective from Tipo de ítem Perdido Sistema de clasificación Dañado No prestable Tipo de ítem específico Suprimido Ubicación habitual Ubicación actual Localización Fecha de creación Proveedor Forma de adquisición Costo
341.448 D431 100166430 04/12/2025 Ej.1 402366.00 30/06/2020 Libro   DEWEY     Libro   Claustro Claustro 3er piso 30/06/2020 19 Compra 402366.00